Mesterségek szótára aranyozó- és aranyverőművesség /
Elmentve itt :
| Szerző: | |
|---|---|
| Dokumentumtípus: | Könyv |
| Megjelent: |
1912
|
| Kulcsszavak: | Mesterségek - ipari, Kézművesség - szaknyelv - szótár, Aranyozómesterség |
| Online Access: | http://misc.bibl.u-szeged.hu/24218 |
| LEADER | 00592nam a2200157 i 4500 | ||
|---|---|---|---|
| 001 | misc24218 | ||
| 005 | 20191207091958.0 | ||
| 008 | 170912s1912 hu o 0|| zxx d | ||
| 040 | |a SZTE Miscellanea Repozitórium |b hun | ||
| 041 | |a zxx | ||
| 100 | 1 | |a Frecskay János | |
| 245 | 1 | 0 | |a Mesterségek szótára |h [elektronikus dokumentum] : |b aranyozó- és aranyverőművesség / |c Frecskay János |
| 260 | |c 1912 | ||
| 300 | |a 12 | ||
| 695 | |a Mesterségek - ipari, Kézművesség - szaknyelv - szótár, Aranyozómesterség | ||
| 856 | 4 | 0 | |u http://misc.bibl.u-szeged.hu/24218/1/011_005_001-012.pdf |z Dokumentum-elérés |